000 00487nam a2200181 a 4500
001 000998078
003 AM-YeHGA
005 20250617150416.0
008 140114s1916 ru a r 000 0 rus d
040 _aAM-YeHGA
041 0 _arus
100 1 _aМасперо, Гастон
245 1 0 _aАссирия /
_cГ. Масперо.
260 _aМосква :
_bМ. и С. Сабашниковы,
_c1916.
300 _a295 с. :
_bил.
651 4 _aАссирия
090 _c332146
999 _c330388
_d330388